000 01043nam a2200277 4500
003 EG-GICUC
005 20260408092949.0
008 260225b1980 ua|||||f |||| 00| 0 ara d
040 _a EG-GICUC
_bara
_c EG-GICUC
_d EG-GICUC
_erda
043 _af-ua---
082 0 4 _221
092 0 4 _221
243 _aالمطبوعات القانونية
245 0 0 _aمجموعة قوانين الغش التجاري والتشهير الجبري والتموين والمتشردون و المشتبه فيهم وتحت مراقبة الشرطة :
_b بعد التعديلات الجديدة .
264 1 _aالقاهرة:
_bبنك القوانين,
_c1980.
300 _a21 صفحة
_c24 سم
336 _2rda content
_atext
337 _2rda media
_aComputer
338 _2rda carrier
_aOnline Resource
504 _a. 240-220 ببليوجرافيا: صفحات.
650 1 _2qrmak
_aالغش التجاري
651 1 _2qrmak
856 4 0 _uhttps://fll.law.cu.edu.eg/fulltext/bks/B10-08828.pdf
905 _a17
942 _2ddc
_n0
_cBK
_e21
999 _c64243
_d64243